00000000nam##2200000za#4500
0019.619625
003CaOODSP
00520210615103609
007ta
008150406|2009||||xxc|||||     f|0| 0 eng|d
022 |a0706-6473
040 |aCaOODSP|beng
043 |an-cn---
0861 |aFs97-4/2903E
1101 |aCanada. |bDepartment of Fisheries and Oceans.
24510|aBiological synopsis of the Japanese skeleton shrimp (Caprella mutica) / |cby Christian Turcotte and Bernard Sainte-Marie.
260 |aMont-Joli - Quebec : |bFisheries and Oceans Canada |c2009.
300 |avii, 26p. : |bfigs., references, table ; |c28 cm.
4901 |aCanadian manuscript report of fisheries and aquatic sciences|x0706-6473|v2903
500 |a"Regional Science Branch, Fisheries and Oceans Canada, Maurice Lamontagne Institute, 850, route de la Mer, Mont-Joli (Quebec) G5H 3Z4."--Cover. Incorrect catalogue number (FS97-4/2903) printed in this publication.
546 |a(Résumé en français.)
563 |aSoftcover
590 |a10-05|b2010-02-05
7201 |aSainte-Marie, Bernard
7201 |aTurcotte, Christian
77508|tSynthèse de la biologie de la caprelle japonaise (Caprella mutica) / |w(CaOODSP)9.628376
7760#|tBiological synopsis of the Japanese skeleton shrimp (Caprella mutica) / |w(CaOODSP)9.566982
830#0|aCanadian manuscript report of fisheries and aquatic sciences,|x0706-6473|v2903|w(CaOODSP)9.514688